LEADER 01547oam 2200493I 450 001 9910711473403321 005 20180926091046.0 035 $a(CKB)5470000002483305 035 $a(OCoLC)1054245796 035 $a(OCoLC)995470000002483305 035 $a(EXLCZ)995470000002483305 100 $a20180926j199004 ua 0 101 0 $aeng 135 $aur||||||||||| 181 $ctxt$2rdacontent 182 $cc$2rdamedia 183 $acr$2rdacarrier 200 10$aSTS-36 space shuttle mission report /$fJoseph E. Mechelay, D.M. Germany, Leonard S. Nicholson 210 1$aHouston, Texas :$cNational Aeronautics and Space Administration, Lyndon B. Johnson Space Center,$dApril 1990. 215 $a1 online resource (20 pages) 225 1 $aNASA/TM ;$v105477 300 $a"April 1990." 300 $a"NSTS-0835." 606 $aSpace Shuttle Boosters$2nasat 606 $aSpace missions$2nasat 606 $aSpace shuttles$2nasat 606 $aDefense program$2nasat 606 $aMilitary operations$2nasat 615 7$aSpace Shuttle Boosters. 615 7$aSpace missions. 615 7$aSpace shuttles. 615 7$aDefense program. 615 7$aMilitary operations. 700 $aMechelay$b Joseph E.$01420328 702 $aGermany$b D. M. 702 $aNicholson$b Leonard S. 712 02$aLyndon B. Johnson Space Center, 801 0$bGPO 801 1$bGPO 801 2$bGPO 906 $aBOOK 912 $a9910711473403321 996 $aSTS-36 space shuttle mission report$93537823 997 $aUNINA LEADER 02379nam 2200589Ia 450 001 9910783288903321 005 20230617014554.0 010 $a1-280-51461-2 010 $a9786610514618 010 $a1-84544-202-4 035 $a(CKB)1000000000018372 035 $a(EBL)231841 035 $a(OCoLC)61370327 035 $a(SSID)ssj0000465606 035 $a(PQKBManifestationID)11324255 035 $a(PQKBTitleCode)TC0000465606 035 $a(PQKBWorkID)10457083 035 $a(PQKB)10519148 035 $a(MiAaPQ)EBC231841 035 $a(Au-PeEL)EBL231841 035 $a(CaPaEBR)ebr10069043 035 $a(CaONFJC)MIL51461 035 $a(OCoLC)70737522 035 $a(EXLCZ)991000000000018372 100 $a20000815d2004 uy 0 101 0 $aeng 135 $aur|n|---||||| 181 $ctxt 182 $cc 183 $acr 200 00$aEuropean sector futures$b[electronic resource] /$fGuest editor, Janet Smith 210 $aBradford, England $cEmerald Group Publishing$dc2004 215 $a1 online resource (71 p.) 225 1 $aforesight. No. 5 ;$vVol. 6 300 $aDescription based upon print version of record. 311 $a1-84544-038-2 327 $aContents; Abstracts & keywords; European sector futures; Stumbling along or grave new world?; The future of financial services in Europe; Broken promises and/or techno dreams?; Paying the price; Europe's automotive sector at the crossroads; A dying industry - or not? 330 $aUnderstanding the complexities of change, generating as clear a picture as possible and providing a common language for discourse about change is vital to balanced and responsible economic growth. Whether from an individual company perspective or from a national or supra national policy development perspective, foresight is an important tool in the increasingly complex decision-making process.Previously published in: Foresight, Volume 6, Number 5, 2004 410 0$aforesight.$nNo. 5 ;$vv. 6. 606 $aEconomic forecasting$zEurope 606 $aIndustries$zEurope 615 0$aEconomic forecasting 615 0$aIndustries 676 $a330.94 701 $aSmith$b Janet$01519308 801 0$bMiAaPQ 801 1$bMiAaPQ 801 2$bMiAaPQ 906 $aBOOK 912 $a9910783288903321 996 $aEuropean sector futures$93757335 997 $aUNINA